00473nam a2200181Ia 4500003000400000005001700004008004100021040000700062041000800069082001900077100002500096245004400121260003600165300001100201365001100212650003100223650003700254OSt20230516151109.0210423s1979 xx 000 0 und d cAL aeng a361 223bMARS aMARULASIDDAIAH (H M) aSecularian and secular bases of welfare aNew DelhibWiley and Sonsc1979 axii,90 b6cINR aSocial Problems & Services aSocial Problems & Social Welfare